| 000 | 00459nam a2200169 a 4500 | ||
|---|---|---|---|
| 005 | 20140310183442.0 | ||
| 008 | 080716s19uu xx 00 eng d | ||
| 020 | _a9715690572 | ||
| 050 |
_aPL 5531 _b.G643 1993 |
||
| 100 | _aGonzalez, N.V.M. | ||
| 245 |
_aThe bamboo dancers / _cN.V.M. Gonzalez |
||
| 260 |
_aManila : _bBookmark, _c1993. |
||
| 300 |
_a358 p. : _c18 cm. |
||
| 650 | _aFilipino literacy classics. | ||
| 942 |
_cBK _2lcc _kFLIR |
||
| 999 |
_c23150 _d23150 |
||